Statistics for Capitals in 1500 AD

Click here to take the quiz!

General Stats

  • This quiz has been taken 30 times
  • The average score is 59 of 181

Answer Stats

GroupHintAnswer% Correct
EuropeKingdom of EnglandLondon
100%
EuropeKingdom of FranceParis
100%
EuropeSwedenStockholm
100%
EuropeKingdom of DenmarkCopenhagen
96%
EuropeRepublic of GenoaGenoa
96%
EuropeKingdom of PolandKraków
96%
EuropeKingdom of PortugalLisbon
96%
EuropeGrand Duchy of MoscowMoscow
96%
EuropeKingdom of NaplesNaples
96%
EuropePapal StatesRome
96%
EuropeKingdom of HungaryBuda
93%
EuropeKingdom of ScotlandEdinburgh
93%
EuropeSan MarinoSan Marino
93%
EuropeRepublic of VeniceVenice
93%
EuropeGrand Duchy of LithuaniaVilnius
93%
EuropeAndorraAndorra la Vella
89%
EuropeKhanate of KazanKazan
89%
EuropePskov RepublicPskov
86%
EuropeRepublic of RagusaRagusa
86%
EuropePrincipality of RyazanRyazan
86%
EuropeKhanate of AstrakhanXacitarxan
86%
AsiaDelhi SultanateDelhi
82%
EuropeKingdom of AragonZaragoza
82%
AsiaOttoman EmpireConstantinople
79%
South AmericaInca EmpireCusco
79%
EuropeRepublic of NoliNoli
79%
EuropeSenarica RepublicSenarica
79%
North AmericaAztec Empire{Tenochtitlan} (de facto)
79%
EuropeRepublic of CospaiaCospaia
71%
AsiaĐại ViệtDong Kinh
71%
AfricaKingdom of BeninEdo
71%
AsiaChina (Ming dynasty)Jingshi
71%
AsiaSultanate of the MaldivesMalé
68%
AsiaKingdom of AvaAva
64%
AsiaKingdom of KandyKandy
64%
AsiaKingdom of KotteKotte
64%
EuropeKingdom of NavarrePamplona
64%
AfricaMamluk SultanateCairo
61%
AsiaJapan (Ashikaga Shogunate)Kyoto
61%
AfricaMorocco (Wattasid dynasty)Fes
57%
AsiaBruneian EmpireBandar Seri Begawan
54%
AsiaKingdom of CambodiaChaktomuk
54%
AsiaJoseonHanseong
54%
AsiaSultanate of TidoreTidore
54%
AsiaMalacca SultanateMalacca
50%
AsiaChina (Ming dynasty)Nanjing
50%
AsiaSultanate of TernateTernate
50%
North AmericaTlaxcalaTlaxcala
50%
AfricaSultanate of AgadezAgadez
46%
AsiaDemak SultanateBintara
46%
AsiaChamba StateChamba
46%
AsiaSultanate of JailoloJailolo
46%
AfricaKilwa SultanateKilwa Kisiwani
46%
EuropeState of the Teutonic OrderKönigsberg
46%
AsiaJaffna KingdomNallur
46%
AsiaKingdom of KartliTbilisi
46%
AfricaKingdom of TlemcenTlemcen
46%
AsiaSultanate of BijapurBijapur
43%
EuropeKnights HospitallerRhodes
43%
AfricaHafsid DynastyTunis
43%
AfricaKingdom of NupeBida
39%
AsiaProme KingdomProme
39%
AsiaTondoTondo
39%
AsiaBahmani Sultanate | Bidar SultanateBidar
36%
AsiaJaisalmer StateJaisalmer
36%
AsiaKanker StateKanker
36%
AsiaMaynilaMaynila
36%
AfricaBugandaMengo
36%
AsiaKhanate of SibirSibir
36%
AsiaButuanButuan
32%
AsiaKingdom of Mrauk UMrauk U
32%
AsiaAyutthaya KingdomAyutthaya
29%
AsiaBikaner StateBikaner
29%
AfricaAdal SultanateDakkar
29%
AfricaSonghai EmpireGao
29%
AsiaTimurid EmpireHerat
29%
EuropeGolden HordeSarai Batu
29%
AsiaRyukyu KingdomShuri
29%
AsiaVijayanagara EmpireVijayanagara
29%
AsiaPagaruyungPagaruyung
25%
EuropeOsraigeKilkenny
21%
AsiaMajapahitMajapahit
21%
EuropeCircassiaŞ̂açə
21%
AsiaNamayanSapa
21%
AsiaAq QoyunluTabriz
21%
AsiaRamadanid EmirateAdana
18%
AsiaHanthawaddy KingdomHanthawaddy
18%
AsiaSamudera Pasai SultanatePasai
18%
South AmericaMuisca ConfederationBacatá
14%
AsiaLan NaChiang Mai
14%
EuropeTyrconnellDonegal Castle
14%
AsiaSultanate of BengalGaur
14%
AsiaNamgyal dynasty of LadakhLeh
14%
AsiaLan XangLuang Prabang
14%
AfricaMankessim KingdomMankessim
14%
AsiaImamate of OmanNizwa
14%
AsiaShah Mir DynastySrinagar
14%
AfricaBorgu EmirateBussa
11%
AfricaKingdom of BamumFumban
11%
AfricaIgala KingdomIdah
11%
AsiaKingdom of MarwarJodhpur
11%
AsiaKingdom of ImeretiKutaisi
11%
AsiaKingdom of MustangLo Manthang
11%
AfricaKingdom of KongoMbanza-Kongo
11%
EuropeKabardiaNalchik
11%
OceaniaSaudeleur DynastyNan Madol
11%
AsiaYemen (Tahirid dynasty)Zabid
11%
AsiaAhmadnagar SultanateAhmednagar
7%
AsiaSamtskhe-SaatabagoAkhaltsikhe
7%
AsiaMoghulistanAlmaliq
7%
AsiaKhanzadas of MewatAlwar
7%
AfricaKingdom of KaffaAnderaccha
7%
AfricaEmpire of Great FuloAnyam-Godo
7%
AsiaPatna StateBalangir
7%
AfricaBono StateBegho
7%
AsiaKalahandi StateBhawanipatna
7%
AsiaCaboloanBinalatongan
7%
EuropeKingdom of DesmondCahersiveen
7%
AsiaKumaon KingdomChampawat
7%
AsiaGarhwal KingdomChandpur Garhi
7%
AsiaAhom KingdomCharaideo
7%
AsiaKingdom of MewarChittor
7%
EuropeThomondClonroad
7%
AsiaGajapati EmpireCuttack
7%
AfricaMedri BahriDebarwa
7%
AfricaDenkyiraDunkwa
7%
AsiaBerar SultanateEllichpur
7%
AfricaKingdom of JanjeroFofa
7%
AsiaKingdom of KakhetiGremi
7%
AsiaPrincipality of KhachenHaterk
7%
South AmericaMuisca ConfederationHunza
7%
AfricaKingdom of NriIgbo-Ukwu
7%
AsiaManipur KingdomImphal
7%
AsiaConfederation of Madya-asIrong-Irong
7%
AsiaBastar StateJagdalpur
7%
AsiaJaintia Kingdom{Jaintiapur} (winter)
7%
AfricaKingdom of SaloumKahone
7%
AsiaKamata KingdomKamatapur
7%
AfricaKingdom of ButuaKhami
7%
AsiaTwipra KingdomKhorongma
7%
EuropeAvar KhanateKhunzakh
7%
EuropeTyrconnellKilmacrennan
7%
AfricaKakongoKinguele
7%
AsiaSultanate of AcehKutaraja
7%
AsiaKingdom of KutchLakhiarviro
7%
AfricaWarsangali SultanateLas Khorey
7%
AfricaJolof EmpireLinguère
7%
EuropeFermanaghLisnaskea
7%
AsiaDimasa KingdomMaibang
7%
AsiaMalwa SultanateMandu
7%
AfricaMaraviManthimba
7%
AsiaBeylik of DulkadirMaraş
7%
AfricaAjuran SultanateMareeg
7%
AsiaShan StatesMogaung
7%
OceaniaTu'i Tonga EmpireMu'a
7%
AsiaGujarat SultanateMuhammadabad
7%
AsiaJaintia Kingdom{Nartiang} (summer)
7%
AsiaTibet (Phagmodrupa dynasty)Nêdong
7%
AfricaBornu EmpireNgazargamu
7%
AfricaKingdom of RwandaNyanza
7%
North AmericaIroquois ConfederacyOnondaga
7%
AfricaOyo EmpireOyo-Ile
7%
AsiaSunda KingdomPakuan Pajajaran
7%
AsiaKingdom of ChampaPanduranga
7%
AsiaKutai Kartanegara SultanatePemarangan
7%
AsiaChutia KingdomSadiya
7%
AsiaNogai HordeSaray-Jük
7%
AfricaAlodiaSoba
7%
AsiaSuket StateSundar Nagar
7%
AsiaSultanate of GowaSungguminasa
7%
AsiaKazakh KhanateSyghanaq
7%
OceaniaKingdom of Rapa NuiTe Peu
7%
AsiaSamma DynastyThatta
7%
AsiaDizakTogh
7%
North AmericaTarascan StateTzintzuntzan
7%
AfricaTunjur KingdomUri
7%
AsiaKingdom of LuwuWara
7%
AfricaKwararafaWukari
7%
North AmericaZapotec CivilisationZaachila-Yoo
7%
AfricaKingdom of MutapaZvongombe
7%

Score Distribution

Percentile by Number Answered

Percent of People with Each Score

Your Score History

You have not taken this quiz